Angeles: existen?

Gardado en:
Detalles Bibliográficos
Autor Principal: Galvao, Antônio Mesquita (autor)
Formato: Libro
Idioma:Lingua castelá
Publicado: Buenos Aires Lumen 1995
Edición:1a. ed
Series:Colección Temas Actuales
Subjects:
Tags: Engadir etiqueta
Sen Etiquetas, Sexa o primeiro en etiquetar este rexistro!

MARC

LEADER 00000nam a2200000 a 4500
001 UCK0312
003 CL-VaPUC
008 041001e19950000AG |||||||||||||||||spa|d
020 |a 9507244344 
082 0 4 |a 235.3  |b MES  |2 21 
100 |a Galvao, Antônio Mesquita  |e autor  |9 488217 
245 1 0 |a Angeles: existen? 
250 |a 1a. ed 
300 |a 141 p 
942 |c BK 
945 |d 20041001 00:00:00  |a vberengu 
260 |a Buenos Aires  |b Lumen  |c 1995 
650 0 |a Ángeles  |9 314400 
650 0 |a Creencias religiosas   |9 373391 
583 |a last modification  |c 20041001 00:00:00  |k Rodrigo Vera 
490 0 |a Colección Temas Actuales 
999 |c 310781  |d 310779 
952 |0 0  |1 0  |4 0  |6 235_300000000000000_MES_1995  |7 0  |8 A  |9 379774  |a BIBTEO  |b BIBTEO  |d 2019-11-21  |i 4064569  |l 1  |o 235.3 MES 1995  |p 4064569  |r 2025-04-10  |s 2025-04-07  |w 2019-11-21  |y BK  |k ICR